|
|
|
|
| LEADER |
00000nam a22000007a 4500 |
| 005 |
20150812224427.0 |
| 007 |
cr|||| |||| |
| 008 |
150812s2015 es |||||s|||| 00||0 spa d |
| 020 |
|
|
|a 978-84-9085-382-5
|
| 035 |
|
|
|a 12814
|
| 040 |
|
|
|a vLex
|
| 090 |
|
|
|c 5528
|d 5528
|
| 100 |
1 |
|
|a Galapero Flores, Rosa
|
| 245 |
1 |
4 |
|a Las rentas del trabajo en el Impuesto sobre la Renta de las Personas Fs̕icas
|h [Recurso electrn̤ico] /
|c Rosa Galapero Flores
|
| 256 |
|
|
|a Servicio en ln̕ea
|
| 260 |
|
|
|a Madrid:
|b Dykinson,
|c 2015
|
| 300 |
|
|
|a 1 recurso electrn̤ico
|
| 506 |
1 |
|
|a Disponible solo en los productos indicados
|d vLex Global
|d vLex Global (Academic Edition, excluding Law Schools)
|d vLex Global (U.S. Academic Edition, Law Schools)
|d vLex Global (U.S. Academic Edition, excluding Law Schools)
|d vLex Global (Academic Edition, Law Schools)
|
| 650 |
0 |
4 |
|a Derecho Fiscal
|z Espaą
|
| 740 |
0 |
|
|a vLex Libros (Servicio en ln̕ea)
|
| 856 |
4 |
0 |
|u http://vlex.com/source/rentas-trabajo-impuesto-renta-personas-fisicas-12814
|z Acceso restringido
|
| 942 |
|
|
|c BOOK
|
| 999 |
0 |
|
|a Tax Law
|